000 01137nam a22003857a 4500
001 0004887
003 KOHA_MİRAKIL
005 20260207001429.0
007 ta
008 090506b1996 us |||gr||||#||||0|eng |
020 _a0201406462
040 _aTR-BiSEU
_btur
_cTR-BiSEU
_erda
041 0 _aeng
044 _cus
050 _aHM101
_b.B59 1996
100 1 _aBly, Robert.
245 1 4 _aThe sibling society/
_cRobert Bly ; Robert Bly.
264 1 _aReading, Mass :
_bAddison-Wesley
_c1996
300 _axiii, 319 sayfa; 21 cm
336 _ametin
_btxt
_2rdacontent
337 _aaracısız
_bn
_2rdamedia
338 _acilt
_bnc
_2rdacarrier
500 _aIncludes bibliographical references and index.
650 0 _aKültür.
_99654
650 0 _aPopüler kültür.
_911965
650 0 _aSosyal değerler.
_911966
650 0 _aNesiller arası ilişkiler.
_911967
650 0 _aGençliğini.
_911968
650 0 _aCulture.
_99657
650 0 _aPopular culture.
_911165
650 0 _aSocial values.
_911969
650 0 _aIntergenerational relations.
_911970
650 0 _aYouthfulness.
_911971
942 _2lcc
_cBK
999 _c4869
_d4869